| 000 -LEADER |
| fixed length control field |
00574nam a22001697a 4500 |
| 020 ## - INTERNATIONAL STANDARD BOOK NUMBER |
| ISBN |
9781119720881 |
| 082 ## - DEWEY DECIMAL CLASSIFICATION NUMBER |
| Classification number |
690.0212 |
| Item number |
K367 2022 |
| 100 ## - MAIN ENTRY--AUTHOR NAME |
| Personal name |
Kennon, Katherine E., author. |
| 245 ## - TITLE STATEMENT |
| Title |
Study guide for the codes guidebook for interiors / Katherine E. Kennon, Sharon K. Harmon. |
| 250 ## - EDITION STATEMENT |
| Edition statement |
Eighth edition. |
| 260 ## - PUBLICATION, DISTRIBUTION, ETC. (IMPRINT) |
| Place of publication |
Hoboken, NJ : |
| Name of publisher |
Wiley, |
| Year of publication |
©2022. |
| 300 ## - PHYSICAL DESCRIPTION |
| Number of Pages |
vii, 200 pages ; |
| Other physical details |
28 cm |
| 650 ## - SUBJECT ADDED ENTRY--TOPICAL TERM |
| Topical Term |
Building laws -- United States. |
| 650 ## - SUBJECT ADDED ENTRY--TOPICAL TERM |
| Topical Term |
Interior decorators -- United States -- Handbooks, manuals, etc |
| 700 ## - ADDED ENTRY--PERSONAL NAME |
| Personal name |
Harmon, Sharon K. |
| 942 ## - ADDED ENTRY ELEMENTS (KOHA) |
| Koha item type |
Books |